Verejná politika voči monopolom a jej náklady

Monopoly a snaha štátu obmedziť moc monopolov, zabrániť zneužitiu ich trhovej sily. Na tento účel má štát k dispozícii tieto nástroje: protimonopolné zákonodarstvo, verejnú reguláciu monopolov, verejné vlastníctvo monopolov, výberové konanie pre prirodzené monopoly, nezasahovanie do činnosti monopol...

Descrizione completa

Salvato in:
Dettagli Bibliografici
Autore principale: Matoušková, Eleonóra, 1962-
Natura: Capitolo di libro
Lingua:slovacco
Soggetti:
Tags: Aggiungi Tag
Nessun Tag, puoi essere il primo ad aggiungerne!!

MARC

LEADER 00000naa$a2200000$$$4500
001 0045312
005 20240502071526.4
041 0 |a slo 
044 |a SK 
245 1 0 |a Verejná politika voči monopolom a jej náklady  |c Eleonóra Matoušková 
520 |a Monopoly a snaha štátu obmedziť moc monopolov, zabrániť zneužitiu ich trhovej sily. Na tento účel má štát k dispozícii tieto nástroje: protimonopolné zákonodarstvo, verejnú reguláciu monopolov, verejné vlastníctvo monopolov, výberové konanie pre prirodzené monopoly, nezasahovanie do činnosti monopolov. Jednoznačná odpoveď, či zasahovať do činnosti monopolu alebo nie, neexistuje. 
610 2 0 |a monopoly 
610 2 0 |a monopoly prirodzené 
610 2 0 |a štát 
610 2 0 |a regulácia štátna 
610 2 0 |a legislatíva 
100 1 |a Matoušková, Eleonóra, 1962-